Úloha ekonomickej výchovy a vzdelávania v procese transformácie slovenskej ekonomiky a európskej integrácie

Uložené v:
Podrobná bibliografia
Hlavný autor: Novák, Jaromír, 1978-
Médium: Kapitola
Jazyk:Slovak
Tagy: Pridať tag
Žiadne tagy, Buďte prvý, kto otaguje tento záznam!

MARC

LEADER 00000naa$a2200000$$$4500
001 0063313
005 20240502071728.2
041 0 |a slo 
044 |a SK 
245 1 0 |a Úloha ekonomickej výchovy a vzdelávania v procese transformácie slovenskej ekonomiky a európskej integrácie  |c Jaromír Novák 
100 1 |a Novák, Jaromír, 1978-